[Event "FIDE World Senior Team Championship 2020"]
[Site "Olympik hotel, Sokolovska 138,"]
[Date "2020.03.10"]
[Round "5.13"]
[White "Rintakoski, Pentti"]
[Black "Thoele, Wolfgang"]
[Result "1/2-1/2"]
[WhiteElo "1735"]
[BlackElo "1875"]
[PlyCount "108"]
[EventDate "2020.03.06"]
[WhiteTeam "FIN1"]
[BlackTeam "GER9"]

1. e4 g6 2. Bc4 Bg7 3. c3 e6 4. Nf3 Ne7 5. d3 d6 6. O-O O-O 7. Bg5 Nd7 8. d4 b6
9. Qc1 Bb7 10. Re1 c5 11. Bh6 cxd4 12. Bxg7 Kxg7 13. Nxd4 Rc8 14. Bxe6 Nc6 15.
Bxd7 Qxd7 16. Qd1 Rfe8 17. Na3 d5 18. Nxc6 Qxc6 19. Qd4+ Kg8 20. exd5 Qxd5 21.
Qxd5 Bxd5 22. Nc2 Bc6 23. Nd4 Bd5 24. Rxe8+ Rxe8 25. f3 a6 26. Kf2 b5 27. a3
Kf8 28. Rd1 Bc4 29. b3 Be6 30. a4 bxa4 31. bxa4 Bd7 32. a5 Rc8 33. Ne2 Ke7 34.
Rc1 Rc5 35. Ra1 Bb5 36. Ra3 Bxe2 37. Kxe2 Kd6 38. Kd3 Kc6 39. c4 Rh5 40. h3 Rg5
41. Ra2 Rc5 42. Kc3 h5 43. Kb4 Re5 44. Rd2 Re1 45. c5 Rb1+ 46. Kc4 Rc1+ 47. Kb4
Rxc5 48. Rd8 Rb5+ 49. Ka4 Kc7 50. Re8 Rf5 51. Re7+ Kb8 52. Rd7 Rf4+ 53. Kb3 Rf5
54. Kb4 Rf4+ 1/2-1/2

[Event "FIDE World Senior Team Championship 2020"]
[Site "Olympik hotel, Sokolovska 138,"]
[Date "2020.03.10"]
[Round "5.14"]
[White "Lagerborg, Krister"]
[Black "Waschk, Armin"]
[Result "1-0"]
[WhiteElo "2144"]
[BlackElo "2165"]
[PlyCount "45"]
[EventDate "2020.03.06"]
[WhiteTeam "SWE5"]
[BlackTeam "GER8"]

1. e4 c5 2. d3 g6 3. f4 d6 4. Nf3 Bg7 5. g3 b6 6. Bg2 Bb7 7. c3 e6 8. Be3 c4 9.
Qa4+ Qd7 10. Qxc4 Ba6 11. Qb3 Bxd3 12. Nbd2 Bb5 13. Bd4 Bxd4 14. Nxd4 Ba4 15.
Qa3 e5 16. Ne2 Bc6 17. Nc4 Ne7 18. Nxd6+ Kf8 19. O-O-O Qc7 20. fxe5 Kg7 21.
Rhf1 Rf8 22. Nd4 Ng8 23. Rxf7+ 1-0

[Event "FIDE World Senior Team Championship 2020"]
[Site "Olympik hotel, Sokolovska 138,"]
[Date "2020.03.10"]
[Round "5.14"]
[White "Luethke, Hans-Eckart"]
[Black "Olesen, Christer"]
[Result "1-0"]
[WhiteElo "2091"]
[BlackElo "1869"]
[PlyCount "61"]
[EventDate "2020.03.06"]
[WhiteTeam "GER8"]
[BlackTeam "SWE5"]

1. e4 c6 2. c4 d5 3. exd5 cxd5 4. cxd5 Nf6 5. Qa4+ Nbd7 6. Nc3 g6 7. Nf3 Bg7 8.
Qb3 O-O 9. Bc4 Nb6 10. d3 Nxc4 11. dxc4 e6 12. O-O exd5 13. cxd5 b6 14. Bg5 h6
15. Bh4 g5 16. Bg3 Nd7 17. Rfd1 h5 18. h4 Nc5 19. Qc2 Bg4 20. Nxg5 f5 21. f3
Bh6 22. fxg4 Bxg5 23. hxg5 Qxg5 24. Bd6 Rf7 25. Bxc5 bxc5 26. gxf5 Rxf5 27. Qd2
Qg4 28. Rf1 Raf8 29. Rxf5 Qxf5 30. Re1 h4 31. Qe3 1-0

[Event "FIDE World Senior Team Championship 2020"]
[Site "Olympik hotel, Sokolovska 138,"]
[Date "2020.03.10"]
[Round "5.14"]
[White "Olsson, Torgny"]
[Black "Schulz, Michael"]
[Result "0-1"]
[WhiteElo "1800"]
[BlackElo "2122"]
[PlyCount "74"]
[EventDate "2020.03.06"]
[WhiteTeam "SWE5"]
[BlackTeam "GER8"]

1. d4 Nf6 2. Bf4 d5 3. e3 c5 4. Nc3 cxd4 5. exd4 a6 6. Nf3 Nc6 7. h3 e6 8. Be2
Bd6 9. Bxd6 Qxd6 10. O-O O-O 11. Bd3 Bd7 12. a3 Rfc8 13. Re1 Na5 14. Ne5 Nc4
15. Bxc4 dxc4 16. Ne4 Nxe4 17. Rxe4 Be8 18. c3 f6 19. Nf3 Bc6 20. Re3 Bd5 21.
Qe2 b5 22. Nh4 a5 23. Nf3 b4 24. Nd2 bxc3 25. bxc3 Rab8 26. Ne4 Qc6 27. Nc5 e5
28. Ne4 exd4 29. cxd4 Bxe4 30. Rxe4 Qd5 31. Qc2 f5 32. Rf4 g6 33. Re1 c3 34.
Re5 Qb3 35. Qxb3+ Rxb3 36. Rc5 Rxc5 37. dxc5 c2 0-1

[Event "FIDE World Senior Team Championship 2020"]
[Site "Olympik hotel, Sokolovska 138,"]
[Date "2020.03.10"]
[Round "5.14"]
[White "Pamperin, Gerhard"]
[Black "Andersson, Erik 1955"]
[Result "1/2-1/2"]
[WhiteElo "1944"]
[BlackElo "1607"]
[PlyCount "96"]
[EventDate "2020.03.06"]
[WhiteTeam "GER8"]
[BlackTeam "SWE5"]

1. d4 Nf6 2. c4 e6 3. Nf3 Bb4+ 4. Bd2 a5 5. Nc3 b6 6. e3 Bb7 7. Be2 O-O 8. O-O
d6 9. Rc1 Nbd7 10. a3 Bxc3 11. Bxc3 Ne4 12. Nd2 Nxc3 13. Rxc3 e5 14. Bf3 Bxf3
15. Qxf3 exd4 16. exd4 Nf6 17. Re1 Qd7 18. Rce3 Rfe8 19. h3 h6 20. Ne4 Nxe4 21.
Rxe4 Kf8 22. g4 Rxe4 23. Rxe4 Re8 24. Kg2 Rxe4 25. Qxe4 Qe7 26. Qa8+ Qe8 27.
Qb7 Qd7 28. f4 Ke7 29. b3 Kd8 30. Qb8+ Qc8 31. Qxc8+ Kxc8 32. Kf3 Kd7 33. Ke4
Ke6 34. f5+ Ke7 35. b4 axb4 36. axb4 c6 37. h4 Kf6 38. b5 cxb5 39. cxb5 Ke7 40.
g5 hxg5 41. hxg5 g6 42. Kf4 Ke8 43. fxg6 fxg6 44. Ke4 Kd8 45. Kf4 Ke8 46. Ke4
Kd8 47. Kd5 Kd7 48. Ke4 Ke8 1/2-1/2

[Event "FIDE World Senior Team Championship 2020"]
[Site "Olympik hotel, Sokolovska 138,"]
[Date "2020.03.10"]
[Round "5.15"]
[White "Johnsen, Oystein"]
[Black "Huss, Andreas"]
[Result "0-1"]
[WhiteElo "1971"]
[BlackElo "2253"]
[PlyCount "75"]
[EventDate "2020.03.06"]
[WhiteTeam "NOR2"]
[BlackTeam "SUI"]

1. d4 Nf6 2. Nf3 e6 3. Bf4 b6 4. e3 Bb7 5. h3 Bd6 6. Bxd6 cxd6 7. Nbd2 O-O 8.
Bd3 d5 9. O-O Ne4 10. c4 Nxd2 11. Nxd2 dxc4 12. Nxc4 Qe7 13. Rc1 d6 14. f4 Nd7
15. Qe2 f5 16. Nd2 Nf6 17. Ba6 Rac8 18. Bxb7 Qxb7 19. Kh2 h6 20. Rc3 Rxc3 21.
bxc3 Rc8 22. Rc1 d5 23. Qb5 Qc6 24. Qb2 Ne4 25. Nxe4 fxe4 26. g4 Qc4 27. Kg2 b5
28. a3 a5 29. Kf2 b4 30. axb4 axb4 31. Qe2 Qc6 32. g5 hxg5 33. Qg4 gxf4 34. Rg1
fxe3+ 35. Kg2 bxc3 36. Kh1 Qd7 37. h4 c2 38. Rc1 0-1

[Event "FIDE World Senior Team Championship 2020"]
[Site "Olympik hotel, Sokolovska 138,"]
[Date "2020.03.10"]
[Round "5.15"]
[White "Hohler, Peter"]
[Black "Taksrud, Vidar"]
[Result "1-0"]
[WhiteElo "2057"]
[BlackElo "1910"]
[PlyCount "91"]
[EventDate "2020.03.06"]
[WhiteTeam "SUI"]
[BlackTeam "NOR2"]

1. Nf3 Nf6 2. c4 e6 3. g3 d5 4. Bg2 c6 5. b3 Nbd7 6. Bb2 Be7 7. O-O O-O 8. d3
a5 9. Nc3 Nc5 10. d4 Nce4 11. Nxe4 Nxe4 12. Nd2 Nxd2 13. Qxd2 a4 14. e3 a3 15.
Bc3 dxc4 16. bxc4 Ra4 17. Be4 e5 18. Bxh7+ Kh8 19. Bc2 Rxc4 20. Qd3 e4 21. Qxc4
Be6 22. Qe2 Bf5 23. Qh5+ Bh7 24. Bxe4 f5 25. Bg2 Rf6 26. d5 Rg6 27. dxc6 bxc6
28. Rad1 Qf8 29. Qe2 Re6 30. Qd2 Rd6 31. Qc1 Rh6 32. Rd7 Bg8 33. Qd2 Bc4 34.
Rd1 Qf7 35. Rxe7 Qxe7 36. Qd8+ Qxd8 37. Rxd8+ Kh7 38. Rd7 Rg6 39. Ra7 Rd6 40.
h4 Bxa2 41. Rxa3 Be6 42. Ra7 Bd7 43. Bd4 Kg8 44. Bf3 g6 45. Be2 Kf7 46. Bc4+
1-0

[Event "FIDE World Senior Team Championship 2020"]
[Site "Olympik hotel, Sokolovska 138,"]
[Date "2020.03.10"]
[Round "5.15"]
[White "Henrichsen, Erland"]
[Black "Illi, Hans-Joerg"]
[Result "1-0"]
[WhiteElo "1901"]
[BlackElo "1960"]
[PlyCount "39"]
[EventDate "2020.03.06"]
[WhiteTeam "NOR2"]
[BlackTeam "SUI"]

1. d4 c5 2. dxc5 e6 3. Nc3 Bxc5 4. Ne4 d5 5. Nxc5 Qa5+ 6. c3 Qxc5 7. e4 Nf6 8.
e5 Nfd7 9. Nf3 b6 10. Qa4 O-O 11. Bd3 Qe7 12. Bxh7+ Kxh7 13. Ng5+ Qxg5 14. Bxg5
Nc5 15. Qh4+ Kg8 16. O-O-O Nc6 17. Be7 Re8 18. Bd6 Ne4 19. Rd3 Nxd6 20. Rh3 1-0

[Event "FIDE World Senior Team Championship 2020"]
[Site "Olympik hotel, Sokolovska 138,"]
[Date "2020.03.10"]
[Round "5.15"]
[White "Staechelin, Ruedi"]
[Black "Thjomoe, Hans Richard"]
[Result "1-0"]
[WhiteElo "1994"]
[BlackElo "1874"]
[PlyCount "63"]
[EventDate "2020.03.06"]
[WhiteTeam "SUI"]
[BlackTeam "NOR2"]

1. e4 e5 2. Nf3 Nc6 3. Bb5 a6 4. Ba4 Nf6 5. O-O b5 6. Bb3 Be7 7. Re1 O-O 8. d3
d6 9. c3 Na5 10. Bc2 c5 11. Nbd2 Nc6 12. Nf1 Re8 13. h3 Qc7 14. Ne3 Be6 15. Ng5
d5 16. Nxe6 fxe6 17. Ng4 Rad8 18. Qe2 Rf8 19. Bb3 c4 20. dxc4 Nxe4 21. cxd5
exd5 22. Qxe4 Qd6 23. Rd1 Kh8 24. Rxd5 Qc7 25. Bc2 g6 26. Rxd8 Bxd8 27. Bh6 Rf5
28. Rd1 Be7 29. Qd5 e4 30. Qd7 Qxd7 31. Rxd7 Bc5 32. Bg7+ 1-0

[Event "FIDE World Senior Team Championship 2020"]
[Site "Olympik hotel, Sokolovska 138,"]
[Date "2020.03.10"]
[Round "5.16"]
[White "James, Kevin"]
[Black "Babula, Milan"]
[Result "1/2-1/2"]
[WhiteElo "1924"]
[BlackElo "2144"]
[PlyCount "79"]
[EventDate "2020.03.06"]
[WhiteTeam "IRL"]
[BlackTeam "CZE6"]

1. d4 e6 2. c4 f5 3. g3 Nf6 4. Bg2 Be7 5. Nc3 O-O 6. Nh3 d5 7. O-O c6 8. Qb3
Na6 9. Bg5 Nc7 10. c5 h6 11. Bf4 g5 12. Be5 Ng4 13. f4 Nxe5 14. fxe5 Rb8 15.
Qc2 Kg7 16. b4 Bd7 17. e3 Be8 18. Rf2 Bg6 19. Qd2 h5 20. Bf1 Rh8 21. Be2 Rh6
22. Rg2 Qh8 23. a4 g4 24. Nf4 h4 25. Kf2 hxg3+ 26. hxg3 Bf7 27. b5 b6 28. cxb6
Rxb6 29. a5 Rb8 30. bxc6 Be8 31. Rc1 Bb4 32. Qa2 Rh1 33. Bf1 Qf8 34. Qa4 Ba3
35. Rc2 Qb4 36. a6 Rb6 37. Qxb4 Rxb4 38. Na2 Rb3 39. Nc3 Kf7 40. Rg1 1/2-1/2

[Event "FIDE World Senior Team Championship 2020"]
[Site "Olympik hotel, Sokolovska 138,"]
[Date "2020.03.10"]
[Round "5.16"]
[White "Pacl, Vaclav"]
[Black "Gibson, John F."]
[Result "1-0"]
[WhiteElo "2006"]
[BlackElo "1830"]
[PlyCount "63"]
[EventDate "2020.03.06"]
[WhiteTeam "CZE6"]
[BlackTeam "IRL"]

1. Nf3 c5 2. b3 Nc6 3. Bb2 Nf6 4. g3 g6 5. Bg2 Bg7 6. O-O O-O 7. c4 d6 8. d4
cxd4 9. Nxd4 Qc7 10. Nc3 a6 11. Rc1 Re8 12. e3 Bg4 13. Qd2 Rad8 14. h3 Bd7 15.
Nde2 Qa5 16. Rfd1 h5 17. a3 h4 18. g4 Nxg4 19. hxg4 Bxg4 20. f3 Be6 21. Nd5
Qxd2 22. Rxd2 h3 23. Bh1 Bxb2 24. Rxb2 Ne5 25. Rd2 Kg7 26. Nef4 g5 27. Nxe6+
fxe6 28. Nc7 Rc8 29. Nxe8+ Rxe8 30. Kh2 Rh8 31. Rg1 Kf6 32. Kg3 1-0

[Event "FIDE World Senior Team Championship 2020"]
[Site "Olympik hotel, Sokolovska 138,"]
[Date "2020.03.10"]
[Round "5.16"]
[White "Lynch, Peter J."]
[Black "Vavruska, Antonin"]
[Result "0-1"]
[WhiteElo "1645"]
[BlackElo "1971"]
[PlyCount "38"]
[EventDate "2020.03.06"]
[WhiteTeam "IRL"]
[BlackTeam "CZE6"]

1. e4 d5 2. exd5 Qxd5 3. d4 Nf6 4. Nf3 Bg4 5. Be2 Nc6 6. Be3 O-O-O 7. c4 Qf5 8.
Nc3 Bxf3 9. Bxf3 Nb4 10. O-O Nc2 11. Rc1 Nxe3 12. fxe3 Qg5 13. Qd3 e5 14. a3
exd4 15. exd4 Rxd4 16. Qb1 Rh4 17. b4 Bd6 18. Ne4 Nxe4 19. Bxe4 Qe3+ 0-1

[Event "FIDE World Senior Team Championship 2020"]
[Site "Olympik hotel, Sokolovska 138,"]
[Date "2020.03.10"]
[Round "5.17"]
[White "Lahti, Jouko"]
[Black "Nordstrom, Felix"]
[Result "1/2-1/2"]
[WhiteElo "1953"]
[BlackElo "2091"]
[PlyCount "64"]
[EventDate "2020.03.06"]
[WhiteTeam "FIN2"]
[BlackTeam "SWE2"]

1. Nf3 d5 2. g3 g6 3. Bg2 Bg7 4. O-O e5 5. d3 Ne7 6. Nbd2 O-O 7. c3 a5 8. Qc2
Nbc6 9. Re1 b6 10. c4 Bb7 11. a3 Qd7 12. Rb1 a4 13. cxd5 Nxd5 14. Ne4 Nd4 15.
Nxd4 exd4 16. Ng5 Rfe8 17. Nh3 c5 18. Nf4 Be5 19. Nxd5 Bxd5 20. Bxd5 Qxd5 21.
Qc4 Qd7 22. Kg2 Qc6+ 23. Kg1 b5 24. Qc2 c4 25. e3 Rec8 26. exd4 Bxd4 27. Be3
Qb6 28. dxc4 Rxc4 29. Qe4 Rac8 30. Bxd4 Rxd4 31. Qe3 Qd6 32. Re2 h5 1/2-1/2

[Event "FIDE World Senior Team Championship 2020"]
[Site "Olympik hotel, Sokolovska 138,"]
[Date "2020.03.10"]
[Round "5.17"]
[White "Carlsson, Ingvar"]
[Black "Ranki, Martti"]
[Result "1-0"]
[WhiteElo "2038"]
[BlackElo "1914"]
[PlyCount "73"]
[EventDate "2020.03.06"]
[WhiteTeam "SWE2"]
[BlackTeam "FIN2"]

1. e4 e5 2. Nf3 Nc6 3. Bc4 Be7 4. d4 exd4 5. Nxd4 Nf6 6. Nc3 O-O 7. O-O Ne5 8.
Be2 Bc5 9. Bg5 h6 10. Bh4 Ng6 11. Bg3 Re8 12. Nb3 Bb6 13. a4 c6 14. a5 Bc7 15.
Qd4 Bxg3 16. hxg3 Qe7 17. Ra4 d6 18. Rd1 Rd8 19. f4 c5 20. Nxc5 Bg4 21. Nd3 Bd7
22. Raa1 Bc6 23. Bf3 Nf8 24. Nb4 Ne6 25. Qe3 Qc7 26. Nbd5 Bxd5 27. exd5 Nc5 28.
Qd4 Re8 29. Re1 Rxe1+ 30. Rxe1 Qxa5 31. b4 Qb6 32. bxc5 dxc5 33. Qc4 a6 34. Rb1
Qa5 35. Rxb7 Re8 36. d6 Re3 37. Qxf7+ 1-0

[Event "FIDE World Senior Team Championship 2020"]
[Site "Olympik hotel, Sokolovska 138,"]
[Date "2020.03.10"]
[Round "5.17"]
[White "Alkkiomaki, Jyrki"]
[Black "Carlsten, Peter"]
[Result "1/2-1/2"]
[WhiteElo "1887"]
[BlackElo "1922"]
[PlyCount "46"]
[EventDate "2020.03.06"]
[WhiteTeam "FIN2"]
[BlackTeam "SWE2"]

1. e4 c5 2. Nf3 Nc6 3. d4 cxd4 4. Nxd4 g6 5. Nxc6 bxc6 6. Qd4 Nf6 7. e5 Ng8 8.
e6 Nf6 9. exd7+ Bxd7 10. Nc3 Bg7 11. Be3 O-O 12. Qd2 Qa5 13. Rd1 Rfd8 14. Bd3
Rab8 15. b3 Ng4 16. Na4 Qe5 17. h3 Nxe3 18. Qxe3 Qxe3+ 19. fxe3 e5 20. Rf1 Bf8
21. Bc4 Be8 22. Ke2 Kg7 23. e4 f6 1/2-1/2

[Event "FIDE World Senior Team Championship 2020"]
[Site "Olympik hotel, Sokolovska 138,"]
[Date "2020.03.10"]
[Round "5.17"]
[White "Wihlborn, Bengt"]
[Black "Kauko, Pekka"]
[Result "1-0"]
[WhiteElo "1859"]
[BlackElo "1868"]
[PlyCount "71"]
[EventDate "2020.03.06"]
[WhiteTeam "SWE2"]
[BlackTeam "FIN2"]

1. Nf3 d5 2. c4 e6 3. d4 Nf6 4. Nc3 a6 5. e3 Nc6 6. Be2 Bb4 7. Bd2 O-O 8. O-O
Re8 9. Rc1 Bxc3 10. Bxc3 Ne4 11. b3 Nxc3 12. Rxc3 Qf6 13. Qd2 Bd7 14. Rd1 Red8
15. Qc1 Rac8 16. a3 Be8 17. b4 Qe7 18. b5 Na5 19. bxa6 Ba4 20. axb7 Nxb7 21.
Rd2 Nd6 22. Rb2 c5 23. cxd5 cxd4 24. Nxd4 Rxc3 25. Qxc3 Rc8 26. Qb4 e5 27. Qxa4
exd4 28. Qxd4 Rc1+ 29. Bf1 Qc7 30. g3 h5 31. Kg2 g6 32. Be2 Nf5 33. Qf4 Qc3 34.
Rb8+ Kh7 35. Bxh5 Nxe3+ 36. Qxe3 1-0

[Event "FIDE World Senior Team Championship 2020"]
[Site "Olympik hotel, Sokolovska 138,"]
[Date "2020.03.10"]
[Round "5.18"]
[White "Page, Mark E"]
[Black "Juricek, Stanislav"]
[Result "1-0"]
[WhiteElo "2135"]
[BlackElo "2037"]
[PlyCount "93"]
[EventDate "2020.03.06"]
[WhiteTeam "ENG1"]
[BlackTeam "CZE10"]

1. e4 e5 2. Nf3 Nc6 3. Bb5 a6 4. Ba4 Nf6 5. O-O Nxe4 6. d4 b5 7. Bb3 d5 8. dxe5
Be6 9. a4 b4 10. a5 Nc5 11. Bg5 Be7 12. Bxe7 Nxe7 13. Nbd2 O-O 14. Nd4 Nd7 15.
N2f3 h6 16. Nxe6 fxe6 17. Nd4 Nc5 18. c3 bxc3 19. bxc3 c6 20. Bc2 Rb8 21. Qg4
Qd7 22. Rfb1 Kh8 23. h3 Kg8 24. Rb4 Kh8 25. Rab1 Rb5 26. Nxb5 cxb5 27. Rf4 Kg8
28. Rxf8+ Kxf8 29. Re1 Qc7 30. Re3 Kg8 31. Qh5 Qd7 32. Rf3 Nc6 33. Qg6 Ne4 34.
Bxe4 dxe4 35. Qxe4 Nxa5 36. Qb4 Qd8 37. Qd6 Qe8 38. Qc7 Nc4 39. Rd3 Kh7 40. Rg3
Qf8 41. Rf3 Qg8 42. Qc5 Qb8 43. Rf8 Qb7 44. Qd4 Nb2 45. h4 h5 46. Qd8 Qc6 47.
Qg5 1-0

[Event "FIDE World Senior Team Championship 2020"]
[Site "Olympik hotel, Sokolovska 138,"]
[Date "2020.03.10"]
[Round "5.18"]
[White "Martinak, Cyril"]
[Black "Bowmer, Kevin"]
[Result "0-1"]
[WhiteElo "1801"]
[BlackElo "2116"]
[PlyCount "68"]
[EventDate "2020.03.06"]
[WhiteTeam "CZE10"]
[BlackTeam "ENG1"]

1. e4 c5 2. Nf3 d6 3. d4 cxd4 4. Nxd4 Nf6 5. Nc3 Nc6 6. Be3 Ng4 7. Be2 Nxe3 8.
fxe3 e6 9. O-O Be7 10. Rf3 O-O 11. Nxc6 bxc6 12. Bd3 e5 13. h3 Be6 14. Ne2 Qb6
15. b3 d5 16. Ng3 g6 17. Kh1 Rad8 18. Qf1 dxe4 19. Bxe4 f5 20. Nxf5 gxf5 21.
Bxf5 Bxf5 22. Rxf5 Qxe3 23. Re1 Qg3 24. Rexe5 Qxe5 25. Qc4+ Qd5 26. Rxd5 cxd5
27. Qe2 Bf6 28. h4 Kh8 29. h5 Rde8 30. Qd2 Re5 31. g4 Rfe8 32. Qf4 Re1+ 33. Kg2
R8e2+ 34. Kh3 Rh1+ 0-1

[Event "FIDE World Senior Team Championship 2020"]
[Site "Olympik hotel, Sokolovska 138,"]
[Date "2020.03.10"]
[Round "5.18"]
[White "Stokes, Michael"]
[Black "Novak, Josef"]
[Result "1-0"]
[WhiteElo "2100"]
[BlackElo "1831"]
[PlyCount "41"]
[EventDate "2020.03.06"]
[WhiteTeam "ENG1"]
[BlackTeam "CZE10"]

1. e4 c5 2. d4 cxd4 3. c3 dxc3 4. Nxc3 Nc6 5. Nf3 d6 6. Bc4 e6 7. O-O Be7 8.
Qe2 a6 9. Rd1 Qc7 10. Bf4 e5 11. Nd5 Qd8 12. Be3 Kf8 13. Bb6 Qd7 14. b4 Nf6 15.
Nxe7 Qxe7 16. Rxd6 Bg4 17. Rxc6 Kg8 18. Rc7 Nd7 19. Rd1 Qxb4 20. Bxf7+ Kxf7 21.
Nxe5+ 1-0

[Event "FIDE World Senior Team Championship 2020"]
[Site "Olympik hotel, Sokolovska 138,"]
[Date "2020.03.10"]
[Round "5.18"]
[White "Vlachopulos, Elefteris"]
[Black "Habershon, Paul F"]
[Result "1/2-1/2"]
[WhiteElo "1709"]
[BlackElo "1988"]
[PlyCount "41"]
[EventDate "2020.03.06"]
[WhiteTeam "CZE10"]
[BlackTeam "ENG1"]

1. d4 Nf6 2. c4 e6 3. Nc3 c5 4. Nf3 cxd4 5. Nxd4 Nc6 6. Ndb5 d6 7. Bg5 a6 8.
Na3 Be7 9. e3 h6 10. Bh4 O-O 11. Be2 Qa5 12. O-O Rd8 13. Bf3 Bd7 14. Bg3 Be8
15. Qe2 d5 16. cxd5 exd5 17. Nc2 Rac8 18. a3 Bd6 19. Bxd6 Rxd6 20. Rfd1 Ne5 21.
Nb4 1/2-1/2

[Event "FIDE World Senior Team Championship 2020"]
[Site "Olympik hotel, Sokolovska 138,"]
[Date "2020.03.10"]
[Round "5.19"]
[White "Vanka, Miloslav"]
[Black "Fiser, Jiri"]
[Result "1/2-1/2"]
[WhiteElo "2125"]
[BlackElo "1937"]
[PlyCount "54"]
[EventDate "2020.03.06"]
[WhiteTeam "CZE9"]
[BlackTeam "CZE7"]

1. e4 d6 2. d4 Nf6 3. Nc3 g6 4. Be3 Bg7 5. f3 c6 6. Qd2 O-O 7. Bh6 Qb6 8. O-O-O
Nbd7 9. h4 Re8 10. Bxg7 Kxg7 11. g4 h5 12. Be2 Rh8 13. g5 Ne8 14. f4 Kh7 15. f5
Ng7 16. Rf1 e6 17. fxg6+ fxg6 18. Nh3 e5 19. dxe5 dxe5 20. Nf2 Nc5 21. Nd3
Nxd3+ 22. Bxd3 Be6 23. Rf6 Raf8 24. Rhf1 Rd8 25. Kb1 Rd7 26. a3 Rhd8 27. Qf2
Qxf2 1/2-1/2

[Event "FIDE World Senior Team Championship 2020"]
[Site "Olympik hotel, Sokolovska 138,"]
[Date "2020.03.10"]
[Round "5.19"]
[White "Pavlicek, Petr"]
[Black "Sedlak, Ludek"]
[Result "1/2-1/2"]
[WhiteElo "1898"]
[BlackElo "1917"]
[PlyCount "40"]
[EventDate "2020.03.06"]
[WhiteTeam "CZE7"]
[BlackTeam "CZE9"]

1. e4 e5 2. Nf3 Nc6 3. Bb5 a6 4. Ba4 Nf6 5. d3 b5 6. Bb3 Be7 7. O-O d6 8. c3 h6
9. Nbd2 Na5 10. Bc2 c5 11. Re1 O-O 12. Nf1 Re8 13. Ng3 Bf8 14. h3 Be6 15. Be3
Qc7 16. d4 Nc4 17. Bc1 a5 18. Qe2 cxd4 19. cxd4 Nb6 20. Bd3 Bc4 1/2-1/2

[Event "FIDE World Senior Team Championship 2020"]
[Site "Olympik hotel, Sokolovska 138,"]
[Date "2020.03.10"]
[Round "5.19"]
[White "Halla, Jiri"]
[Black "Tejkal, Jiri"]
[Result "1/2-1/2"]
[WhiteElo "1744"]
[BlackElo "1875"]
[PlyCount "31"]
[EventDate "2020.03.06"]
[WhiteTeam "CZE9"]
[BlackTeam "CZE7"]

1. e4 c6 2. d4 d5 3. exd5 cxd5 4. Bd3 Nf6 5. Nf3 Nc6 6. c3 Bg4 7. O-O e6 8. Re1
Qc7 9. Nbd2 Bd6 10. Qc2 Rc8 11. a3 Bh5 12. h3 Bg6 13. Nf1 Bxd3 14. Qxd3 O-O 15.
Re2 Na5 16. Ne5 1/2-1/2

[Event "FIDE World Senior Team Championship 2020"]
[Site "Olympik hotel, Sokolovska 138,"]
[Date "2020.03.10"]
[Round "5.19"]
[White "Slechta, Karel"]
[Black "Macoun, Jiri"]
[Result "1-0"]
[WhiteElo "1860"]
[BlackElo "1713"]
[PlyCount "83"]
[EventDate "2020.03.06"]
[WhiteTeam "CZE7"]
[BlackTeam "CZE9"]

1. e4 e5 2. Nf3 Nc6 3. Bb5 Bc5 4. c3 d6 5. O-O a6 6. Ba4 b5 7. Bc2 Bg4 8. h3
Bh5 9. d3 h6 10. Be3 Ba7 11. Nbd2 Nf6 12. Qe1 O-O 13. Bxa7 Rxa7 14. Qe3 Ra8 15.
Rfe1 Re8 16. Nf1 d5 17. Ng3 d4 18. cxd4 exd4 19. Qf4 g5 20. Nxg5 hxg5 21. Qxg5+
Bg6 22. Bb3 Nh7 23. Qxg6+ Kh8 24. Qxc6 Rf8 25. Qh6 Rb8 26. Nf5 Qf6 27. Qxf6+
Nxf6 28. Rac1 Rbc8 29. Ne7 Rce8 30. Rxc7 Nh5 31. Nf5 f6 32. Nh4 Nf4 33. g3 Rg8
34. Bxg8 Rxg8 35. Kf1 Nxd3 36. Rd1 Nxb2 37. Rxd4 Rg7 38. Rd8+ Kh7 39. Rcc8 Ra7
40. Rh8+ Kg7 41. Nf5+ Kg6 42. Rcg8+ 1-0

[Event "FIDE World Senior Team Championship 2020"]
[Site "Olympik hotel, Sokolovska 138,"]
[Date "2020.03.10"]
[Round "5.20"]
[White "Valentine, Brian J"]
[Black "Franzen, Thomas"]
[Result "0-1"]
[WhiteElo "1942"]
[BlackElo "1987"]
[PlyCount "46"]
[EventDate "2020.03.06"]
[WhiteTeam "ENG2"]
[BlackTeam "SWE4"]

1. e4 c5 2. Nf3 Nc6 3. Bb5 g6 4. O-O Bg7 5. Re1 e5 6. Nc3 Nge7 7. a4 O-O 8. d3
h6 9. Nd5 d6 10. Nxe7+ Nxe7 11. h3 Be6 12. Bd2 Qc7 13. a5 Rad8 14. Ra4 d5 15.
exd5 Bxd5 16. Bc4 Bc6 17. Ra1 Nf5 18. Rc1 Rfe8 19. Bc3 e4 20. Nd2 e3 21. Nf3
Bxc3 22. bxc3 exf2+ 23. Kxf2 Qg3+ 0-1

[Event "FIDE World Senior Team Championship 2020"]
[Site "Olympik hotel, Sokolovska 138,"]
[Date "2020.03.10"]
[Round "5.20"]
[White "Isaxon, Alf"]
[Black "Ingham, H William"]
[Result "1/2-1/2"]
[WhiteElo "1949"]
[BlackElo "1875"]
[PlyCount "26"]
[EventDate "2020.03.06"]
[WhiteTeam "SWE4"]
[BlackTeam "ENG2"]

1. e4 d5 2. exd5 Nf6 3. d4 Nxd5 4. c4 Nb6 5. Nc3 e5 6. dxe5 Qxd1+ 7. Nxd1 Nc6
8. Nf3 Bb4+ 9. Nc3 Be6 10. Bd2 O-O-O 11. O-O-O Bxc3 12. Bxc3 Rxd1+ 13. Kxd1
Rd8+ 1/2-1/2

[Event "FIDE World Senior Team Championship 2020"]
[Site "Olympik hotel, Sokolovska 138,"]
[Date "2020.03.10"]
[Round "5.20"]
[White "Ewart, Brian R"]
[Black "Johansson, Bjorn"]
[Result "0-1"]
[WhiteElo "1867"]
[BlackElo "1949"]
[PlyCount "102"]
[EventDate "2020.03.06"]
[WhiteTeam "ENG2"]
[BlackTeam "SWE4"]

1. d4 g6 2. e4 Bg7 3. Nc3 d6 4. Be3 Nd7 5. f4 c6 6. Qd2 Nh6 7. Be2 f6 8. f5 Nf7
9. Nh3 g5 10. Bh5 Nb6 11. Qe2 d5 12. Bxf7+ Kxf7 13. Qh5+ Kf8 14. Bxg5 dxe4 15.
Bh6 Bd7 16. Nf4 Qe8 17. O-O Qxh5 18. Bxg7+ Kxg7 19. Nxh5+ Kf7 20. Nxe4 Rad8 21.
Nc5 Bc8 22. c3 Nc4 23. Rf2 b6 24. Ne4 Rd5 25. Nhg3 Ne3 26. Re1 Nxf5 27. c4 Nxg3
28. cxd5 Nxe4 29. Rxe4 cxd5 30. Re3 Bb7 31. Rfe2 Re8 32. b4 Ba6 33. Re1 Bc4 34.
a4 e6 35. Kf2 a6 36. Kf3 e5 37. dxe5 d4 38. Ra3 fxe5 39. Ke4 Ke6 40. Rh3 Bd5+
41. Kd3 Bxg2 42. Rh6+ Kd5 43. Rxb6 e4+ 44. Kc2 Rc8+ 45. Kb2 d3 46. Rc1 Rxc1 47.
Kxc1 e3 48. Rf6 Bh3 49. Rf4 h5 50. b5 axb5 51. axb5 d2+ 0-1

[Event "FIDE World Senior Team Championship 2020"]
[Site "Olympik hotel, Sokolovska 138,"]
[Date "2020.03.10"]
[Round "5.20"]
[White "Johansson, Bertil"]
[Black "Goldrick, Thomas G"]
[Result "1/2-1/2"]
[WhiteElo "1876"]
[BlackElo "1850"]
[PlyCount "50"]
[EventDate "2020.03.06"]
[WhiteTeam "SWE4"]
[BlackTeam "ENG2"]

1. c4 c6 2. g3 d5 3. b3 Nf6 4. Nf3 Bg4 5. Bg2 e6 6. Bb2 Nbd7 7. O-O Bd6 8. d4
O-O 9. Nbd2 Rc8 10. Ne5 Bf5 11. f3 Nxe5 12. dxe5 Bc5+ 13. Kh1 Nd7 14. f4 Be3
15. Nf3 dxc4 16. bxc4 Nc5 17. Bd4 Bxd4 18. Nxd4 Qe7 19. Nxf5 exf5 20. Qc2 g6
21. Rfd1 f6 22. exf6 Rxf6 23. Rd2 Re8 24. Rad1 Re6 25. Bf3 h5 1/2-1/2